Re-employment barriers: An empirical study on employment opportunities for Chinese ex-offenders

Influenced by a range of structural and institutional factors, individuals in China who have completed their prison sentences often encounter greater challenges in securing employment compared to their counterparts in other countries. Based on in-depth interviews with 358 respondents in City S, our...

Full description

Saved in:  
Bibliographic Details
Authors: Li, Zheng (Author) ; Lin, Xifen (Author)
Format: Electronic Article
Language:English
Published: 2025
In: International journal of law, crime and justice
Year: 2025, Volume: 82, Pages: 1-15
Online Access: Volltext (lizenzpflichtig)
Volltext (lizenzpflichtig)
Check availability: HBZ Gateway
Keywords:

MARC

LEADER 00000naa a22000002c 4500
001 1945014989
003 DE-627
005 20251208122407.0
007 cr uuu---uuuuu
008 251208s2025 xx |||||o 00| ||eng c
024 7 |a 10.1016/j.ijlcj.2025.100772  |2 doi 
035 |a (DE-627)1945014989 
035 |a (DE-599)KXP1945014989 
040 |a DE-627  |b ger  |c DE-627  |e rda 
041 |a eng 
084 |a 2,1  |2 ssgn 
100 1 |a Li, Zheng  |e VerfasserIn  |4 aut 
245 1 0 |a Re-employment barriers: An empirical study on employment opportunities for Chinese ex-offenders 
264 1 |c 2025 
336 |a Text  |b txt  |2 rdacontent 
337 |a Computermedien  |b c  |2 rdamedia 
338 |a Online-Ressource  |b cr  |2 rdacarrier 
520 |a Influenced by a range of structural and institutional factors, individuals in China who have completed their prison sentences often encounter greater challenges in securing employment compared to their counterparts in other countries. Based on in-depth interviews with 358 respondents in City S, our research reveals that criminal records have a persistent and long-term negative impact on the employment prospects of ex-offenders in China. We argue that although the existing legal framework imposes numerous employment restrictions on individuals with criminal records, these formal limitations are not the primary cause of their employment difficulties. Rather, entrenched employment discrimination—transmitted from the state to the market—constitutes the most significant barrier to their reintegration into the labor force. Moreover, the experience of criminal punishment diminishes individuals’ employment capabilities, while the enduring nature of the criminal record undermines the potential benefits of personal attributes such as skills, health, and social networks. This latter dynamic represents a secondary barrier to successful reemployment. 
650 4 |a China 
650 4 |a employment discrimination 
650 4 |a Ex-offenders 
650 4 |a Reemployment 
700 1 |a Lin, Xifen  |e VerfasserIn  |0 (DE-588)1354037316  |0 (DE-627)1915337976  |4 aut 
773 0 8 |i Enthalten in  |t International journal of law, crime and justice  |d Oxford : Elsevier, 2008  |g 82(2025), Artikel-ID 100772, Seite 1-15  |h Online-Ressource  |w (DE-627)559427743  |w (DE-600)2412511-8  |w (DE-576)278242537  |x 1756-0616  |7 nnas 
773 1 8 |g volume:82  |g year:2025  |g elocationid:100772  |g pages:1-15 
856 4 0 |u https://doi.org/10.1016/j.ijlcj.2025.100772  |x Resolving-System  |z lizenzpflichtig  |3 Volltext  |7 1 
856 4 0 |u https://www.sciencedirect.com/science/article/pii/S1756061625000485  |x Verlag  |z lizenzpflichtig  |3 Volltext  |7 1 
951 |a AR 
ELC |a 1 
LOK |0 000 xxxxxcx a22 zn 4500 
LOK |0 001 4824325684 
LOK |0 003 DE-627 
LOK |0 004 1945014989 
LOK |0 005 20251208122407 
LOK |0 008 251208||||||||||||||||ger||||||| 
LOK |0 040   |a DE-2619  |c DE-627  |d DE-2619 
LOK |0 092   |o n 
LOK |0 852   |a DE-2619 
LOK |0 852 1  |9 00 
LOK |0 866   |x zotak: Ergänzt Seitenzahlen, da in zota-Einspielung nicht vorhanden 
LOK |0 935   |a krzo 
LOK |0 939   |a 08-12-25  |b l01 
ORI |a SA-MARC-krimdoka001.raw